000 00263nam a22001217a 4500
008 171130b xxu||||| |||| 00| 0 eng d
041 _aeng
080 _24th
_a32
100 _a19
101 _aPOL
245 _aTHE CHIEF EXECUTIVE
_cKOENIG,L.W
942 _2udc
_cBK
999 _c38648
_d38648